| 000 | 00474cam a22001337a 4500 | ||
|---|---|---|---|
| 008 | 180718bn.d. xxu||||| |||| 00| 0 eng d | ||
| 082 | _aA81x54 In2/71/22/Pt 2 B/3 | ||
| 100 | _aCensus of India 1971 | ||
| 245 | _aWest Bengal: general economic tables | ||
| 260 |
_aDelhi _bThe Controller of Publications _cn.d. |
||
| 300 | _a935+p. | ||
| 440 | _aCensus of India 1971. Series-22, West Bengal. Part II-B (iii) | ||
| 500 | _aContents: Tables B-V, Part A&B, B-IV, Part A (i) & (ii) | ||
| 999 |
_c485499 _d485499 |
||